[Event "Halloween op"]
[Site "Edmonton CAN"]
[Date "2008.10.16"]
[Round "3"]
[White "Mendryk, Wayne"]
[Black "Laboucane, Randy"]
[Result "0-1"]
[WhiteElo "1424"]
[BlackElo "1890"]
[PlyCount "112"]
[GameId "2160767910311415"]
[EventDate "2008.10.02"]
[EventType "swiss"]
[EventRounds "5"]
[EventCountry "CAN"]
[SourceTitle "EXT 2011"]
[Source "ChessBase"]
[SourceDate "2011.11.26"]
[SourceVersion "1"]
[SourceVersionDate "2011.11.26"]
[SourceQuality "1"]

1. e4 c5 2. Nc3 d6 3. d3 Nf6 4. g3 Nc6 5. Bg2 Bg4 6. Nge2 g6 7. Be3 Bg7 8. Qd2 O-O 9. O-O Qd7 10. Bh6 Bh3 11. Bxg7 Kxg7 12. Nf4 Bxg2 13. Kxg2 Nd4 14. h3 b5 15. Ncd5 Nxd5 16. Nxd5 e6 17. Ne3 a6 18. c3 Nc6 19. f4 f5 20. exf5 exf5 21. Rae1 d5 22. Re2 d4 23. Nd1 Rfe8 24. Rfe1 Rxe2+ 25. Rxe2 Re8 26. Qe1 Rxe2+ 27. Qxe2 Qe7 28. Qxe7+ Nxe7 29. b3 Nd5 30. c4 Nc3 31. cxb5 axb5 32. a4 bxa4 33. bxa4 Nxd1 34. a5 Nc3 35. Kf3 h5 36. g4 h4 37. a6 Nb5 38. g5 Kf7 39. Ke2 Ke7 40. Kd2 Kd7 41. Kc2 Kc6 42. Kb3 Kb6 43. Kc4 Kxa6 44. Kxc5 Ka5 45. Kc4 Ka4 46. Kc5 Kb3 47. Kd5 Kc3 48. Ke5 Kxd3 49. Kf6 Ke3 50. Kxg6 d3 51. Kf6 d2 52. g6 d1=Q 53. g7 Qd4+ 54. Kg6 Qxg7+ 55. Kxg7 Kxf4 56. Kg6 Nd4 0-1

[Event "Halloween op"]
[Site "Edmonton CAN"]
[Date "2008.10.16"]
[Round "3"]
[White "Ocampo, Mario"]
[Black "McKay, Arnold"]
[Result "0-1"]
[WhiteElo "1586"]
[BlackElo "1859"]
[PlyCount "98"]
[GameId "2160767910311416"]
[EventDate "2008.10.02"]
[EventType "swiss"]
[EventRounds "5"]
[EventCountry "CAN"]
[SourceTitle "EXT 2011"]
[Source "ChessBase"]
[SourceDate "2011.11.26"]
[SourceVersion "1"]
[SourceVersionDate "2011.11.26"]
[SourceQuality "1"]

1. d4 Nf6 2. c4 g6 3. Nc3 d5 4. Bg5 e6 5. Bxf6 Qxf6 6. Nf3 dxc4 7. e3 a6 8. Bxc4 b5 9. Bb3 Bb7 10. Bc2 Bb4 11. O-O O-O 12. a3 Be7 13. Be4 c6 14. Rc1 Nd7 15. Bc2 Rfd8 16. Ne4 Qg7 17. a4 c5 18. axb5 axb5 19. Qe2 c4 20. Nc3 Ba6 21. Be4 Rab8 22. Bc6 Rb6 23. Bxd7 Rxd7 24. Ne5 Rd8 25. Qf3 Bb7 26. Qe2 f6 27. Nf3 Qh6 28. Rcd1 Bd6 29. d5 exd5 30. Nxd5 Bxd5 31. Rxd5 Bxh2+ 32. Nxh2 Rxd5 33. Ng4 Qf8 34. Qf3 Rbd6 35. g3 Qd8 36. Kg2 h5 37. Nh2 Rf5 38. Qb7 Rd2 39. Ra1 Qd5+ 40. Qxd5+ Rfxd5 41. Ra8+ Kg7 42. Nf3 Rxb2 43. Nd4 Rd6 44. Rb8 b4 45. Rb7+ Kh6 46. Kf1 Ra6 47. Kg2 Raa2 48. Nc6 Rxf2+ 49. Kg1 Rfd2 0-1

[Event "Halloween op"]
[Site "Edmonton CAN"]
[Date "2008.10.16"]
[Round "3"]
[White "Pedersen, Rick"]
[Black "Pua, Richard"]
[Result "1/2-1/2"]
[WhiteElo "1885"]
[BlackElo "1918"]
[PlyCount "67"]
[GameId "2160767910311417"]
[EventDate "2008.10.02"]
[EventType "swiss"]
[EventRounds "5"]
[EventCountry "CAN"]
[SourceTitle "EXT 2011"]
[Source "ChessBase"]
[SourceDate "2011.11.26"]
[SourceVersion "1"]
[SourceVersionDate "2011.11.26"]
[SourceQuality "1"]

1. e4 e5 2. Nf3 Nf6 3. Nc3 Nc6 4. Bb5 Bb4 5. O-O O-O 6. d3 d6 7. a3 Bxc3 8. bxc3 Qe7 9. h3 Nd8 10. Bg5 Ne6 11. Bh4 Rd8 12. d4 Nf8 13. Qe2 Ng6 14. Bxf6 Qxf6 15. Qe3 Nf4 16. Nh2 Be6 17. d5 Bc8 18. Rfe1 Qg6 19. Qg3 Qxg3 20. fxg3 Ng6 21. Bd3 Ne7 22. Rf1 Rf8 23. Rf2 f5 24. Raf1 Bd7 25. c4 g6 26. Rb1 b6 27. Rbf1 fxe4 28. Rxf8+ Rxf8 29. Bxe4 Rxf1+ 30. Nxf1 Kg7 31. g4 h6 32. Kf2 Ng8 33. Kf3 Nf6 34. Bd3 1/2-1/2

[Event "Halloween op"]
[Site "Edmonton CAN"]
[Date "2008.10.16"]
[Round "3"]
[White "Razzaq, Ali"]
[Black "Pechenkin, Vladimir"]
[Result "0-1"]
[WhiteElo "1799"]
[BlackElo "2297"]
[PlyCount "40"]
[GameId "2160767910311418"]
[EventDate "2008.10.02"]
[EventType "swiss"]
[EventRounds "5"]
[EventCountry "CAN"]
[SourceTitle "EXT 2011"]
[Source "ChessBase"]
[SourceDate "2011.11.26"]
[SourceVersion "1"]
[SourceVersionDate "2011.11.26"]
[SourceQuality "1"]

1. d4 f5 2. g4 fxg4 3. h3 d5 4. c4 Nf6 5. Nc3 c6 6. cxd5 cxd5 7. Qb3 Nc6 8. Bg5 Nxd4 9. Qa4+ Nc6 10. O-O-O e6 11. e4 d4 12. e5 Bd7 13. exf6 gxf6 14. Bh4 dxc3 15. Qxg4 Qa5 16. Bxf6 Bh6+ 17. Kb1 c2+ 18. Kxc2 Nb4+ 19. Kb3 Qa4+ 20. Kc3 Nxa2+ 0-1

[Event "Halloween op"]
[Site "Edmonton CAN"]
[Date "2008.10.16"]
[Round "3"]
[White "Seehagen, Terry"]
[Black "Gardner, Robert"]
[Result "0-1"]
[WhiteElo "1658"]
[BlackElo "2237"]
[PlyCount "64"]
[GameId "2160767910311419"]
[EventDate "2008.10.02"]
[EventType "swiss"]
[EventRounds "5"]
[EventCountry "CAN"]
[SourceTitle "EXT 2011"]
[Source "ChessBase"]
[SourceDate "2011.11.26"]
[SourceVersion "1"]
[SourceVersionDate "2011.11.26"]
[SourceQuality "1"]

1. d4 Nf6 2. Bg5 e6 3. e4 c5 4. c3 cxd4 5. e5 Qa5 6. Bxf6 gxf6 7. exf6 dxc3 8. Nxc3 Qe5+ 9. Be2 Bb4 10. Rc1 Qxf6 11. a3 Bxc3+ 12. Rxc3 Nc6 13. Nf3 d5 14. Re3 Qxb2 15. Qxd5 Qc1+ 16. Qd1 Qxd1+ 17. Bxd1 Bd7 18. O-O O-O-O 19. Ng5 Be8 20. Bf3 h6 21. Ne4 Nd4 22. Rc1+ Bc6 23. Bh5 Rh7 24. Nc5 Rg7 25. g3 Rd5 26. Rd3 Rgg5 27. Rxd4 Rxd4 28. Nb3 Rd3 29. Bxf7 Re5 30. f4 Re2 31. Bxe6+ Rxe6 32. Nc5 Ree3 0-1

[Event "Halloween op"]
[Site "Edmonton CAN"]
[Date "2008.10.16"]
[Round "3"]
[White "Sequillion, Aaron"]
[Black "Nolan, Pat"]
[Result "1-0"]
[WhiteElo "1860"]
[BlackElo "1562"]
[PlyCount "53"]
[GameId "2160767910311420"]
[EventDate "2008.10.02"]
[EventType "swiss"]
[EventRounds "5"]
[EventCountry "CAN"]
[SourceTitle "EXT 2011"]
[Source "ChessBase"]
[SourceDate "2011.11.26"]
[SourceVersion "1"]
[SourceVersionDate "2011.11.26"]
[SourceQuality "1"]

1. d4 Nf6 2. c4 g6 3. Nc3 d5 4. cxd5 Nxd5 5. e4 Nf6 6. Bc4 c6 7. f3 Bg7 8. Nge2 O-O 9. Be3 Nbd7 10. O-O b5 11. Bb3 Ba6 12. e5 Nd5 13. Nxd5 cxd5 14. Bxd5 Rc8 15. e6 Nb6 16. exf7+ Kh8 17. Be6 Rc6 18. d5 Rd6 19. Bc5 Bb7 20. Bxd6 Qxd6 21. Nc3 Ba6 22. Ne4 Qe5 23. b3 Bc8 24. Rc1 Bxe6 25. dxe6 Qxe6 26. Re1 Rxf7 27. Ng5 1-0

[Event "Halloween op"]
[Site "Edmonton CAN"]
[Date "2008.10.16"]
[Round "3"]
[White "Sponga, George"]
[Black "Wu, Allan"]
[Result "0-1"]
[WhiteElo "1618"]
[BlackElo "1806"]
[PlyCount "52"]
[GameId "2160767910311421"]
[EventDate "2008.10.02"]
[EventType "swiss"]
[EventRounds "5"]
[EventCountry "CAN"]
[SourceTitle "EXT 2011"]
[Source "ChessBase"]
[SourceDate "2011.11.26"]
[SourceVersion "1"]
[SourceVersionDate "2011.11.26"]
[SourceQuality "1"]

1. e4 c5 2. c3 d5 3. Bb5+ Bd7 4. Bxd7+ Qxd7 5. e5 Qf5 6. Qe2 Nc6 7. Nf3 d4 8. d3 dxc3 9. bxc3 Rd8 10. d4 cxd4 11. cxd4 Nxd4 12. Nxd4 Rxd4 13. O-O g6 14. f4 Qd3 15. Qf2 Nh6 16. Bb2 Rb4 17. e6 Ng4 18. exf7+ Kxf7 19. Qf3 Qxf3 20. gxf3 Rxb2 21. fxg4 Bg7 22. Na3 Rc8 23. g5 Rc3 24. Nb1 Rcc2 25. Rf3 Rc1+ 26. Rf1 Bd4+ 0-1

[Event "Halloween op"]
[Site "Edmonton CAN"]
[Date "2008.10.16"]
[Round "3"]
[White "Wihnon, Jason"]
[Black "Thomas, Derek"]
[Result "1/2-1/2"]
[WhiteElo "1741"]
[BlackElo "1504"]
[PlyCount "95"]
[GameId "2160767910311422"]
[EventDate "2008.10.02"]
[EventType "swiss"]
[EventRounds "5"]
[EventCountry "CAN"]
[SourceTitle "EXT 2011"]
[Source "ChessBase"]
[SourceDate "2011.11.26"]
[SourceVersion "1"]
[SourceVersionDate "2011.11.26"]
[SourceQuality "1"]

1. e4 c5 2. d4 cxd4 3. c3 dxc3 4. Nxc3 e5 5. Nf3 Nc6 6. Bc4 h6 7. O-O Nf6 8. Qe2 Bc5 9. Rd1 O-O 10. Be3 b6 11. Bxc5 bxc5 12. Nb5 Qe7 13. Nd6 Nd4 14. Nxd4 cxd4 15. Nf5 Qd8 16. f4 d6 17. fxe5 dxe5 18. Rf1 Bb7 19. Ng3 Rc8 20. Bb3 Qb6 21. Qf3 Ba6 22. Rfc1 Qb7 23. Qf5 Rxc1+ 24. Rxc1 Rc8 25. Rd1 Qe7 26. h3 Qe8 27. Qg6 Bc4 28. Bxc4 Rxc4 29. Qf5 Qe6 30. Qf3 Rc2 31. Nf5 Kh7 32. Qa3 Qe8 33. Qd3 Rc7 34. Rf1 Qc6 35. Ng3 Qc4 36. Qa3 Qc5 37. Qd3 Rb7 38. b3 Qc3 39. Qxc3 dxc3 40. Rc1 Rc7 41. Rc2 h5 42. Kf1 h4 43. Nf5 a5 44. Nd6 Rd7 45. Nc4 Nxe4 46. Nxe5 Re7 47. Nc6 Rd7 48. Ne5 1/2-1/2

[Event "Halloween op"]
[Site "Edmonton CAN"]
[Date "2008.10.23"]
[Round "4"]
[White "Bentz, Eliot"]
[Black "Mendryk, Wayne"]
[Result "0-1"]
[WhiteElo "851"]
[BlackElo "1424"]
[PlyCount "50"]
[GameId "2160767910311423"]
[EventDate "2008.10.02"]
[EventType "swiss"]
[EventRounds "5"]
[EventCountry "CAN"]
[SourceTitle "EXT 2011"]
[Source "ChessBase"]
[SourceDate "2011.11.26"]
[SourceVersion "1"]
[SourceVersionDate "2011.11.26"]
[SourceQuality "1"]

1. e4 c5 2. Bc4 Nc6 3. Nf3 d6 4. Bxf7+ Kxf7 5. Nc3 Nf6 6. d3 Bg4 7. h3 Bh5 8. O-O Qd7 9. Ng5+ Kg8 10. Nf3 Ne5 11. Nd5 Nxf3+ 12. Kh1 Nh2 13. Rg1 Bxd1 14. Rxd1 Nxd5 15. exd5 g6 16. b3 Bg7 17. Ba3 Bxa1 18. Rxa1 Kf7 19. Re1 Raf8 20. Re3 Ke8 21. f3 Rf7 22. g4 Rhf8 23. Kxh2 Rxf3 24. g5 Qxh3+ 25. Kg1 Rf1# 0-1

[Event "Halloween op"]
[Site "Edmonton CAN"]
[Date "2008.10.23"]
[Round "4"]
[White "Gardner, Robert"]
[Black "Hughey, Micah"]
[Result "1-0"]
[WhiteElo "2237"]
[BlackElo "2226"]
[PlyCount "33"]
[GameId "2160767910311424"]
[EventDate "2008.10.02"]
[EventType "swiss"]
[EventRounds "5"]
[EventCountry "CAN"]
[SourceTitle "EXT 2011"]
[Source "ChessBase"]
[SourceDate "2011.11.26"]
[SourceVersion "1"]
[SourceVersionDate "2011.11.26"]
[SourceQuality "1"]

1. f4 Nf6 2. Nf3 c5 3. d3 g6 4. e4 d6 5. Be2 Bg7 6. O-O O-O 7. c3 Nc6 8. h3 c4 9. Be3 b6 10. Nbd2 cxd3 11. Bxd3 Bb7 12. Qe1 e5 13. f5 gxf5 14. exf5 d5 15. Bb5 Qc7 16. Qg3 Nd7 17. Bh6 1-0

[Event "Halloween op"]
[Site "Edmonton CAN"]
[Date "2008.10.23"]
[Round "4"]
[White "Grumic, Sasha"]
[Black "Wihnon, Jason"]
[Result "1-0"]
[WhiteElo "2170"]
[BlackElo "1741"]
[PlyCount "35"]
[GameId "2160767910311425"]
[EventDate "2008.10.02"]
[EventType "swiss"]
[EventRounds "5"]
[EventCountry "CAN"]
[SourceTitle "EXT 2011"]
[Source "ChessBase"]
[SourceDate "2011.11.26"]
[SourceVersion "1"]
[SourceVersionDate "2011.11.26"]
[SourceQuality "1"]

1. e4 e5 2. Nf3 Nc6 3. Bc4 Nf6 4. d3 Bc5 5. c3 O-O 6. O-O d5 7. exd5 Nxd5 8. b4 Be7 9. b5 Na5 10. Nxe5 Nxc4 11. Nxc4 Bf6 12. d4 Qe8 13. a4 Qe4 14. Re1 Qh4 15. Qf3 Be6 16. Re4 Nf4 17. Rxf4 Qg5 18. Ne3 1-0

[Event "Halloween op"]
[Site "Edmonton CAN"]
[Date "2008.10.23"]
[Round "4"]
[White "Laboucane, Randy"]
[Black "Borger, Rocky"]
[Result "1-0"]
[WhiteElo "1890"]
[BlackElo "1350"]
[PlyCount "65"]
[GameId "2160767910311426"]
[EventDate "2008.10.02"]
[EventType "swiss"]
[EventRounds "5"]
[EventCountry "CAN"]
[SourceTitle "EXT 2011"]
[Source "ChessBase"]
[SourceDate "2011.11.26"]
[SourceVersion "1"]
[SourceVersionDate "2011.11.26"]
[SourceQuality "1"]

1. d4 Nf6 2. Nf3 e6 3. Bf4 c5 4. e3 cxd4 5. exd4 d5 6. c3 Bd6 7. Bg5 Nc6 8. Bb5 Bd7 9. Qe2 h6 10. Bh4 g5 11. Bg3 Ne4 12. Nbd2 Nxg3 13. hxg3 a6 14. Bd3 f5 15. Ne5 g4 16. Nxc6 bxc6 17. Bxf5 Qe7 18. Bxg4 Kd8 19. Nf3 Kc7 20. a4 a5 21. Ne5 Be8 22. Bh5 Qg5 23. Bxe8 Rhxe8 24. Nf7 Qg7 25. Nxd6 Kxd6 26. Qe5+ Qxe5+ 27. dxe5+ Kxe5 28. Rxh6 Reb8 29. O-O-O Rb3 30. Re1+ Kf5 31. Rhxe6 Ra6 32. f3 Rab6 33. R1e5# 1-0

[Event "Halloween op"]
[Site "Edmonton CAN"]
[Date "2008.10.23"]
[Round "4"]
[White "MacLeod, Damon"]
[Black "Sequillion, Aaron"]
[Result "0-1"]
[WhiteElo "1606"]
[BlackElo "1860"]
[PlyCount "84"]
[GameId "2160767910311427"]
[EventDate "2008.10.02"]
[EventType "swiss"]
[EventRounds "5"]
[EventCountry "CAN"]
[SourceTitle "EXT 2011"]
[Source "ChessBase"]
[SourceDate "2011.11.26"]
[SourceVersion "1"]
[SourceVersionDate "2011.11.26"]
[SourceQuality "1"]

1. e4 e5 2. Nf3 Nc6 3. Bb5 a6 4. Bxc6 dxc6 5. O-O Bg4 6. h3 h5 7. d3 Qf6 8. Nbd2 O-O-O 9. Nc4 Bxf3 10. Qxf3 Qxf3 11. gxf3 f6 12. f4 exf4 13. Bxf4 Bd6 14. Nxd6+ cxd6 15. Be3 Ne7 16. f4 d5 17. Kf2 Rhg8 18. f5 g5 19. fxg6 dxe4 20. dxe4 Nxg6 21. Ke2 Ne5 22. Rxf6 Nc4 23. b3 Nxe3 24. Kxe3 Rg2 25. Rf2 Rxf2 26. Kxf2 Rd2+ 27. Kg3 Rxc2 28. Re1 Rxa2 29. Kh4 Kd7 30. Kxh5 b5 31. h4 Rb2 32. Re3 Rg2 33. e5 Ke6 34. Re4 c5 35. Rg4 Rxg4 36. Kxg4 c4 37. bxc4 b4 38. h5 b3 39. h6 b2 40. h7 b1=Q 41. h8=Q Qe4+ 42. Kh3 Qh1+ 0-1

[Event "Halloween op"]
[Site "Edmonton CAN"]
[Date "2008.10.23"]
[Round "4"]
[White "Nolan, Pat"]
[Black "Bentz, Huxley"]
[Result "1-0"]
[WhiteElo "1562"]
[BlackElo "1075"]
[PlyCount "45"]
[GameId "2160767910311429"]
[EventDate "2008.10.02"]
[EventType "swiss"]
[EventRounds "5"]
[EventCountry "CAN"]
[SourceTitle "EXT 2011"]
[Source "ChessBase"]
[SourceDate "2011.11.26"]
[SourceVersion "1"]
[SourceVersionDate "2011.11.26"]
[SourceQuality "1"]

1. d4 d5 2. Nf3 Nf6 3. e3 c6 4. Bd3 e6 5. O-O Bd6 6. Re1 c5 7. c3 cxd4 8. cxd4 Bb4 9. Nc3 Qb6 10. a3 Bxc3 11. bxc3 O-O 12. Qc2 Nc6 13. Nd2 Re8 14. e4 dxe4 15. Nxe4 e5 16. Nxf6+ gxf6 17. Bxh7+ Kh8 18. Qd3 Be6 19. Bh6 exd4 20. Qg3 Rg8 21. Bxg8 Rxg8 22. Qh4 dxc3 23. Be3+ 1-0

[Event "Halloween op"]
[Site "Edmonton CAN"]
[Date "2008.10.23"]
[Round "4"]
[White "Pechenkin, Vladimir"]
[Black "Wu, Allan"]
[Result "1-0"]
[WhiteElo "2297"]
[BlackElo "1806"]
[PlyCount "61"]
[GameId "2160767910311430"]
[EventDate "2008.10.02"]
[EventType "swiss"]
[EventRounds "5"]
[EventCountry "CAN"]
[SourceTitle "EXT 2011"]
[Source "ChessBase"]
[SourceDate "2011.11.26"]
[SourceVersion "1"]
[SourceVersionDate "2011.11.26"]
[SourceQuality "1"]

1. f4 d5 2. Nf3 Nf6 3. e3 Nc6 4. Bb5 Bg4 5. h3 Bf5 6. g4 Nxg4 7. hxg4 Bxg4 8. d4 Qd7 9. c3 a6 10. Be2 f6 11. Nbd2 O-O-O 12. Nf1 h5 13. Bd2 Bxf3 14. Bxf3 h4 15. Qe2 g5 16. fxg5 fxg5 17. Bg4 e6 18. e4 Re8 19. Bxg5 Qg7 20. Bd2 dxe4 21. Qxe4 Kb8 22. O-O-O Bd6 23. Ne3 e5 24. d5 Ne7 25. Be6 c6 26. dxc6 Nxc6 27. Bd5 Rc8 28. Nf5 Qf6 29. Nxd6 Qxd6 30. Bxc6 Rxc6 31. Bf4 1-0

[Event "Halloween op"]
[Site "Edmonton CAN"]
[Date "2008.10.23"]
[Round "4"]
[White "Pua, Richard"]
[Black "McKay, Arnold"]
[Result "1-0"]
[WhiteElo "1918"]
[BlackElo "1859"]
[PlyCount "57"]
[GameId "2160767910311431"]
[EventDate "2008.10.02"]
[EventType "swiss"]
[EventRounds "5"]
[EventCountry "CAN"]
[SourceTitle "EXT 2011"]
[Source "ChessBase"]
[SourceDate "2011.11.26"]
[SourceVersion "1"]
[SourceVersionDate "2011.11.26"]
[SourceQuality "1"]

1. e4 c5 2. c3 d5 3. exd5 Qxd5 4. d4 cxd4 5. cxd4 Nc6 6. Nf3 Bg4 7. Be2 e6 8. O-O Bd6 9. h3 h5 10. Nc3 Qf5 11. Nh4 Qf6 12. Ne4 Qe7 13. Nf3 Rd8 14. Bg5 f6 15. Be3 Bc7 16. Qa4 a6 17. Rac1 Kf7 18. Rfd1 Bf5 19. Nc5 Na5 20. b4 b5 21. Qa3 Qd6 22. Nxa6 Nc4 23. Bxc4 bxc4 24. Rxc4 Ra8 25. Qc3 Rxa6 26. Rxc7+ Ne7 27. Qc5 Qd8 28. d5 Kg8 29. Qxe7 1-0

[Event "Halloween op"]
[Site "Edmonton CAN"]
[Date "2008.10.23"]
[Round "4"]
[White "Ryan, Kevin"]
[Black "Camphaug, Lincoln"]
[Result "0-1"]
[WhiteElo "202"]
[BlackElo "1620"]
[PlyCount "54"]
[GameId "2160767910311432"]
[EventDate "2008.10.02"]
[EventType "swiss"]
[EventRounds "5"]
[EventCountry "CAN"]
[SourceTitle "EXT 2011"]
[Source "ChessBase"]
[SourceDate "2011.11.26"]
[SourceVersion "1"]
[SourceVersionDate "2011.11.26"]
[SourceQuality "1"]

1. d4 Nf6 2. Nf3 d5 3. Nc3 Nc6 4. Ne5 Nxe5 5. e3 Nc6 6. e4 dxe4 7. Bb5 a6 8. Ba4 b5 9. Bb3 Nxd4 10. Bxf7+ Kxf7 11. Bg5 Bg4 12. f3 exf3 13. gxf3 Nxf3+ 14. Kf2 Nxg5 15. Qxd8 Rxd8 16. Rad1 Bxd1 17. Nxd1 e5 18. Ne3 Bc5 19. Rg1 Nh3+ 20. Kg2 Nxg1 21. Nf1 Rd1 22. b4 Bb6 23. Ng3 Rhd8 24. Nf5 R8d2+ 25. Kg3 Bf2+ 26. Kg2 Bh4+ 27. Kh1 Nh3# 0-1

[Event "Halloween op"]
[Site "Edmonton CAN"]
[Date "2008.10.23"]
[Round "4"]
[White "Thomas, Derek"]
[Black "Stark, Mark"]
[Result "1/2-1/2"]
[WhiteElo "1504"]
[BlackElo "1962"]
[PlyCount "66"]
[GameId "2160767910311433"]
[EventDate "2008.10.02"]
[EventType "swiss"]
[EventRounds "5"]
[EventCountry "CAN"]
[SourceTitle "EXT 2011"]
[Source "ChessBase"]
[SourceDate "2011.11.26"]
[SourceVersion "1"]
[SourceVersionDate "2011.11.26"]
[SourceQuality "1"]

1. d4 Nf6 2. c4 e6 3. Nc3 Bb4 4. Bg5 h6 5. Bh4 c5 6. e3 g5 7. Bg3 Ne4 8. Qc2 Bxc3+ 9. bxc3 f5 10. Bd3 Nxg3 11. hxg3 Qf6 12. d5 O-O 13. Nf3 e5 14. e4 f4 15. gxf4 gxf4 16. O-O-O d6 17. Rh2 b5 18. cxb5 a6 19. Rdh1 Kg7 20. Qd2 Rh8 21. Rh5 axb5 22. Bxb5 Nd7 23. Nh4 Nb6 24. Nf5+ Bxf5 25. Rxf5 Qg6 26. g3 Rhf8 27. Rhh5 Rxf5 28. Rxf5 fxg3 29. fxg3 Qxg3 30. Rf2 Kh7 31. Rf7+ Kg6 32. Rf2 Kh7 33. Rf7+ Kg6 1/2-1/2

[Event "Halloween op"]
[Site "Edmonton CAN"]
[Date "2008.10.30"]
[Round "5"]
[White "Bentz, Huxley"]
[Black "Ryan, Kevin"]
[Result "1-0"]
[WhiteElo "1075"]
[BlackElo "202"]
[PlyCount "91"]
[GameId "2160767910311435"]
[EventDate "2008.10.02"]
[EventType "swiss"]
[EventRounds "5"]
[EventCountry "CAN"]
[SourceTitle "EXT 2011"]
[Source "ChessBase"]
[SourceDate "2011.11.26"]
[SourceVersion "1"]
[SourceVersionDate "2011.11.26"]
[SourceQuality "1"]

1. e4 e5 2. Nf3 Nf6 3. Nxe5 Bd6 4. d4 Nc6 5. Bf4 O-O 6. Bc4 Nxd4 7. Qxd4 Qe7 8. Nxf7 Bxf4 9. e5 Rxf7 10. Bxf7+ Qxf7 11. Qxf4 d6 12. Nc3 Nh5 13. Qxf7+ Kxf7 14. O-O dxe5 15. Rfe1 Kf6 16. Nd5+ Ke6 17. Nxc7+ Kd6 18. Nxa8 Bf5 19. Re3 Bxc2 20. Rae1 Nf6 21. Rxe5 Kc6 22. Re6+ Kd7 23. Re7+ Kd8 24. Rc7 Bf5 25. Rd1+ Ke8 26. Nb6 axb6 27. Rxg7 h5 28. Rxb7 Bc2 29. Rd6 Be4 30. Re6+ Kd8 31. Rexb6 Nd7 32. Rd6 Bf5 33. Rh6 Ke7 34. a4 Be4 35. a5 Bxb7 36. a6 Ba8 37. a7 Nc5 38. Rg6 Nb7 39. Rg8 Kf7 40. Rh8 Nd6 41. Rxa8 Nc4 42. Rf8+ Kg7 43. a8=Q Nb6 44. Qa7+ Kg6 45. Qxb6+ Kg5 46. Qc5+ 1-0

[Event "Halloween op"]
[Site "Edmonton CAN"]
[Date "2008.10.30"]
[Round "5"]
[White "Gardner, Robert"]
[Black "Pechenkin, Vladimir"]
[Result "1/2-1/2"]
[WhiteElo "2237"]
[BlackElo "2297"]
[PlyCount "104"]
[GameId "2160767910311436"]
[EventDate "2008.10.02"]
[EventType "swiss"]
[EventRounds "5"]
[EventCountry "CAN"]
[SourceTitle "EXT 2011"]
[Source "ChessBase"]
[SourceDate "2011.11.26"]
[SourceVersion "1"]
[SourceVersionDate "2011.11.26"]
[SourceQuality "1"]

1. f4 f5 2. b3 b6 3. Bb2 Bb7 4. e3 e6 5. Qh5+ g6 6. Qe2 Nf6 7. Nc3 Bg7 8. Nf3 O-O 9. h3 Ne4 10. Rg1 Ba6 11. Qd1 Bxf1 12. Rxf1 Bf6 13. Qc1 Bh4+ 14. Kd1 Bf6 15. Nxe4 fxe4 16. Ne5 Bxe5 17. Bxe5 Nc6 18. Qb2 Qh4 19. Kc1 d6 20. Bc3 Qg3 21. Qa3 Qxg2 22. Kb2 Ne7 23. Rg1 Qxh3 24. Qa4 Nd5 25. Qxe4 Qf5 26. Qc4 Nxc3 27. dxc3 Qf7 28. Rg5 Rae8 29. Rag1 Kh8 30. Qe4 Re7 31. Qh1 Rg8 32. Qh4 Ree8 33. e4 Rg7 34. f5 Reg8 35. fxe6 Qxe6 36. e5 dxe5 37. Re1 Qf6 38. Rexe5 Re7 39. Rd5 c6 40. Rd3 Re5 41. Rh3 Rg7 42. Rxe5 Qxe5 43. Rd3 h5 44. Rd8+ Kh7 45. Rc8 Qe7 46. Qh1 c5 47. Qa8 Rf7 48. Rh8+ Kg7 49. Rg8+ Kh6 50. Rh8+ Kg7 51. Rg8+ Kh6 52. Rh8+ Kg7 1/2-1/2

[Event "Halloween op"]
[Site "Edmonton CAN"]
[Date "2008.10.30"]
[Round "5"]
[White "Grumic, Sasha"]
[Black "Laboucane, Randy"]
[Result "1-0"]
[WhiteElo "2170"]
[BlackElo "1890"]
[PlyCount "53"]
[GameId "2160767910311437"]
[EventDate "2008.10.02"]
[EventType "swiss"]
[EventRounds "5"]
[EventCountry "CAN"]
[SourceTitle "EXT 2011"]
[Source "ChessBase"]
[SourceDate "2011.11.26"]
[SourceVersion "1"]
[SourceVersionDate "2011.11.26"]
[SourceQuality "1"]

1. e4 c5 2. Nf3 d6 3. Bc4 e6 4. Qe2 Nf6 5. c3 Be7 6. d4 cxd4 7. cxd4 O-O 8. e5 dxe5 9. dxe5 Nd5 10. O-O Qc7 11. Bd2 Nc6 12. Nc3 Nxc3 13. Bxc3 a6 14. Rac1 b5 15. Bd3 Bb7 16. a3 b4 17. Bxb4 Bxb4 18. Bxh7+ Kh8 19. Bb1 Qe7 20. Nd4 Qh4 21. Nxc6 Qg5 22. f4 Qh6 23. Nxb4 a5 24. Nd3 Ba6 25. Rf3 Kg8 26. Rh3 Qg6 27. Qf3 1-0

[Event "Halloween op"]
[Site "Edmonton CAN"]
[Date "2008.10.30"]
[Round "5"]
[White "Mendryk, Wayne"]
[Black "Camphaug, Lincoln"]
[Result "0-1"]
[WhiteElo "1424"]
[BlackElo "1620"]
[PlyCount "42"]
[GameId "2160767910311438"]
[EventDate "2008.10.02"]
[EventType "swiss"]
[EventRounds "5"]
[EventCountry "CAN"]
[SourceTitle "EXT 2011"]
[Source "ChessBase"]
[SourceDate "2011.11.26"]
[SourceVersion "1"]
[SourceVersionDate "2011.11.26"]
[SourceQuality "1"]

1. e4 e5 2. Nf3 Nc6 3. Bb5 a6 4. Ba4 Nf6 5. O-O Be7 6. Re1 b5 7. Bb3 O-O 8. a4 b4 9. a5 d5 10. d4 Nxd4 11. Bxd5 Nxf3+ 12. gxf3 Nxd5 13. exd5 Bd6 14. Be3 Qh4 15. Nd2 Bh3 16. Ne4 f5 17. Nxd6 cxd6 18. Kh1 f4 19. Bb6 Rf6 20. Rg1 Rh6 21. Qe2 Bf1 0-1

[Event "Halloween op"]
[Site "Edmonton CAN"]
[Date "2008.10.30"]
[Round "5"]
[White "Sponga, George"]
[Black "Seehagen, Terry"]
[Result "0-1"]
[WhiteElo "1618"]
[BlackElo "1658"]
[PlyCount "76"]
[GameId "2160767910311439"]
[EventDate "2008.10.02"]
[EventType "swiss"]
[EventRounds "5"]
[EventCountry "CAN"]
[SourceTitle "EXT 2011"]
[Source "ChessBase"]
[SourceDate "2011.11.26"]
[SourceVersion "1"]
[SourceVersionDate "2011.11.26"]
[SourceQuality "1"]

1. e4 d5 2. e5 c5 3. d3 Nc6 4. f4 Bf5 5. Nf3 f6 6. Be2 e6 7. O-O fxe5 8. Nxe5 Qc7 9. Nxc6 Qxc6 10. b3 Nf6 11. Bb2 Bd6 12. g4 Bg6 13. g5 Rg8 14. gxf6 gxf6 15. Kh1 d4+ 16. Bf3 Qc7 17. Bc1 O-O-O 18. Bg2 h5 19. Na3 Qg7 20. Qf3 Be8 21. Rf2 Bc6 22. Qh3 Qd7 23. Bxc6 Qxc6+ 24. Qf3 Qd7 25. Bd2 Rg4 26. Nc4 Bb8 27. Rb1 Rdg8 28. Rbf1 h4 29. f5 Qg7 30. Qxg4 Qxg4 31. fxe6 Qxe6 32. Rxf6 Qd5+ 33. R1f3 b5 34. Na5 Bd6 35. R6f5 Qe6 36. Nc6 Qe8 37. Na5 Qe2 38. Rf2 Qg4 0-1